000 00631nam a22002297a 4500
003 UA-OsUOA
001 21543
007 ta
008 20031211b un ||||| |||| 00| 0 ukr d
100 _aСивокінь Григорій
090 _a82
_bС34
942 _cSA
040 _aUA-OsUOA
_brus
_cUA-OsUOA
_dUA-OsUOA
245 _aІван Котляревський на тлі сучасної йому європейської літературної думки
300 _aС.2-4
955 _a0
041 _arus
080 _a82
044 _aUA
773 0 _w0
_tДивослово
_dК.
_d2003
_g№12
650 7 _2UDC
999 _c307744
_d307744